Statistics for Top 20 Geothermal Power Countries

Click here to take the quiz!

General Stats

  • This quiz has been taken 56 times
  • The average score is 13 of 20

Answer Stats

TWhCountry% Correct
15.56United States
98%
0.15China
96%
2.61Japan
94%
0.48Russia
94%
5.21Iceland
85%
9.42Indonesia
83%
5.82Mexico
83%
0.03Germany
81%
5.59Italy
77%
6.19New Zealand
74%
10.25Philippines
64%
0.90Turkey
64%
0.15Portugal
43%
1.40Costa Rica
38%
0.25Guatemala
36%
0.40Papua New Guinea
36%
0.52Nicaragua
34%
1.54El Salvador
30%
0.02Ethiopia
30%
1.60Kenya
23%

Score Distribution

Percentile by Number Answered

Percent of People with Each Score

Your Score History

You have not taken this quiz